[Event "Heviz op 12th"]
[Site "Heviz"]
[Date "2016.04.08"]
[Round "3"]
[White "Marosi, Levente"]
[Black "Robertsen, Thomas"]
[Result "1-0"]
[WhiteElo "2326"]
[BlackElo "2191"]
[PlyCount "67"]
[EventDate "2016.04.06"]
[EventType "swiss"]
[EventRounds "9"]
[EventCountry "HUN"]
[SourceTitle "CBM 171 Extra"]
[Source "ChessBase"]
[SourceDate "2016.04.26"]
[SourceVersion "1"]
[SourceVersionDate "2016.04.26"]
[SourceQuality "1"]

1. e4 d5 2. exd5 Nf6 3. d4 Bg4 4. Bb5+ Nbd7 5. f3 Bf5 6. c4 a6 7. Bxd7+ Qxd7 8. Ne2 b5 9. b3 e6 10. dxe6 Qxe6 11. 0-0 0-0-0 12. cxb5 axb5 13. Nbc3 b4 14. Nf4 Qa6 15. Na4 g5 16. Ne2 Rg8 17. Re1 Bd6 18. Be3 Nd5 19. Bf2 h5 20. Ng3 Bxg3 21. hxg3 Nc3 22. Qd2 Nxa4 23. bxa4 Qxa4 24. Re5 Be6 25. Rb1 Bd5 26. Rxb4 Qxa2 27. Rb2 Qa1+ 28. Re1 Qa6 29. Qb4 Qd6 30. Qa5 g4 31. Rc1 gxf3 32. Rb6 Qe7 33. Qa6+ Kd7 34. Rxc7+ 1-0

[Event "Milan SSM op 06"]
[Site "Milan"]
[Date "2013.06.09"]
[Round "5"]
[White "Cazzaniga, Walter"]
[Black "Robertsen, Thomas"]
[Result "1/2-1/2"]
[WhiteElo "2158"]
[BlackElo "2231"]
[PlyCount "95"]
[EventDate "2013.06.06"]
[EventType "swiss"]
[EventRounds "6"]
[EventCountry "ITA"]
[SourceTitle "EXT 2015"]
[Source "ChessBase"]
[SourceDate "2014.11.20"]
[SourceVersion "1"]
[SourceVersionDate "2014.11.20"]
[SourceQuality "1"]

1. d4 Nf6 2. c4 g6 3. Nc3 Bg7 4. e4 d6 5. Nf3 0-0 6. Be2 e5 7. d5 a5 8. Bg5 h6 9. Bh4 Na6 10. Nd2 Qe8 11. Bxf6 Bxf6 12. h4 Kg7 13. h5 Qe7 14. 0-0 Bd7 15. Re1 Kh7 16. Bg4 Nc5 17. Bxd7 Nxd7 18. Nf1 Bg5 19. Qg4 Nf6 20. hxg6+ fxg6 21. Qe6 Qg7 22. a3 Nh5 23. g3 Rae8 24. Qg4 Nf6 25. Qh3 h5 26. Re2 Rf7 27. Nh2 Ref8 28. c5 Qh6 29. cxd6 cxd6 30. Nb5 Ne8 31. Rf1 Bd8 32. Kg2 Bb6 33. f3 Qg5 34. a4 Bc5 35. Kh1 Kh8 36. b3 Nc7 37. Nxc7 Rxc7 38. Rg2 Qe3 39. g4 h4 40. g5 Rff7 41. Rg4 Rh7 42. Rxh4 Qxg5 43. Rxh7+ Rxh7 44. Qc8+ Kg7 45. Qxb7+ Kg8 46. Qc8+ Kg7 47. Qd7+ Kg8 48. Qe8+ 1/2-1/2

[Event "Milan Crespi op-A 30th"]
[Site "Milan"]
[Date "2009.12.10"]
[Round "7"]
[White "Robertsen, Thomas"]
[Black "Codenotti, Marco"]
[Result "0-1"]
[WhiteElo "2273"]
[BlackElo "2119"]
[PlyCount "84"]
[EventDate "2009.12.05"]
[EventType "swiss"]
[EventRounds "9"]
[EventCountry "ITA"]
[SourceTitle "CBM 133 Extra"]
[Source "ChessBase"]
[SourceDate "2010.01.05"]
[SourceVersion "1"]
[SourceVersionDate "2010.01.05"]
[SourceQuality "1"]

1. e4 c5 2. Nf3 d6 3. d4 Nf6 4. Nc3 cxd4 5. Nxd4 a6 6. Bg5 e6 7. f4 Nbd7 8. Bc4 Qc7 9. Qe2 Nc5 10. Bxf6 gxf6 11. a4 Qb6 12. 0-0 Nxa4 13. Rxa4 Qxd4+ 14. Kh1 Bd7 15. Bb5 Bxb5 16. Qxb5+ axb5 17. Rxd4 Rc8 18. Rf2 d5 19. Re2 b4 20. Nd1 Bc5 21. Rd3 dxe4 22. Rxe4 f5 23. Re2 Ke7 24. Ne3 Bxe3 25. Rdxe3 Rc4 26. g3 Rhc8 27. Rb3 R8c7 28. Kg1 h5 29. h4 Kd8 30. Rd3+ Kc8 31. Rdd2 Rd7 32. Rxd7 Kxd7 33. Rd2+ Kc6 34. Kf2 Kc5 35. Kf3 Rd4 36. Re2 Kc4 37. Re3 Rd2 38. b3+ Kd4 39. Re5 Rxc2 40. Rb5 Kc3 41. Rxb7 Kxb3 42. Rxf7 Kb2 0-1

[Event "Marianske Lazne IM-B"]
[Site "Marianske Lazne"]
[Date "2009.01.23"]
[Round "9"]
[White "Plischki, Sebastian"]
[Black "Robertsen, Thomas"]
[Result "1-0"]
[WhiteElo "2418"]
[BlackElo "2275"]
[PlyCount "63"]
[EventDate "2009.01.17"]
[EventType "tourn"]
[EventRounds "11"]
[EventCountry "CZE"]
[EventCategory "1"]
[SourceTitle "CBM 128 Extra"]
[Source "ChessBase"]
[SourceDate "2009.03.05"]
[SourceVersion "2"]
[SourceVersionDate "2009.03.25"]
[SourceQuality "1"]

1. Nf3 Nf6 2. c4 g6 3. d4 Bg7 4. g3 c5 5. Bg2 0-0 6. 0-0 d6 7. Nc3 Nc6 8. d5 Na5 9. Nd2 Rb8 10. Qc2 a6 11. b3 b5 12. Bb2 e5 13. Rae1 Nh5 14. e4 f5 15. exf5 gxf5 16. Ne2 bxc4 17. bxc4 Qe8 18. Bc3 Nb7 19. f4 e4 20. g4 Nf6 21. gxf5 Bxf5 22. Ng3 Qg6 23. Nxf5 Qxf5 24. Nxe4 Kh8 25. Qd2 Rf7 26. Ng5 Rff8 27. Kh1 h6 28. Bh3 Qg6 29. Ne6 Rg8 30. Rg1 Qf7 31. f5 Kh7 32. Rg6 1-0

[Event "Marianske Lazne IM-B"]
[Site "Marianske Lazne"]
[Date "2009.01.20"]
[Round "4"]
[White "Robertsen, Thomas"]
[Black "Petrova, Kristyna"]
[Result "1/2-1/2"]
[WhiteElo "2275"]
[BlackElo "2172"]
[PlyCount "101"]
[EventDate "2009.01.17"]
[EventType "tourn"]
[EventRounds "11"]
[EventCountry "CZE"]
[EventCategory "1"]
[SourceTitle "CBM 128 Extra"]
[Source "ChessBase"]
[SourceDate "2009.03.05"]
[SourceVersion "2"]
[SourceVersionDate "2009.03.25"]
[SourceQuality "1"]

1. e4 c5 2. Nf3 Nc6 3. Bb5 g6 4. 0-0 Bg7 5. Re1 Nf6 6. e5 Nd5 7. Nc3 Nc7 8. Bxc6 dxc6 9. Ne4 Ne6 10. d3 0-0 11. Be3 b6 12. Qd2 f5 13. exf6 exf6 14. Bh6 a5 15. a4 Ra7 16. Re2 Raf7 17. Bxg7 Kxg7 18. Rae1 Qd5 19. Ng3 Rd8 20. Re4 Qd6 21. Rh4 Kg8 22. Rhe4 Kg7 23. h4 h5 24. Qe3 Nd4 25. Nxd4 cxd4 26. Qf3 c5 27. Re8 Bb7 28. Rxd8 Qxd8 29. Qe2 Bd5 30. b3 Kf8 31. Qd2 Kg7 32. Qe2 Kf8 33. Qd2 Kg7 34. Ne2 Re7 35. Nf4 Rxe1+ 36. Qxe1 Bf7 37. Qe4 Qd6 38. g3 g5 39. hxg5 fxg5 40. Nh3 Qf6 41. f4 gxf4 42. Nxf4 Qg5 43. Kf2 h4 44. gxh4 Qxh4+ 45. Kf1 Qg5 46. Ke2 Bh5+ 47. Kd2 Bf7 48. Kc1 Bd5 49. Qxd5 Qxf4+ 50. Kb2 Qf6 51. Qd7+ 1/2-1/2

[Event "Marianske Lazne IM-B"]
[Site "Marianske Lazne"]
[Date "2009.01.17"]
[Round "1"]
[White "Oparin, Grigoriy"]
[Black "Robertsen, Thomas"]
[Result "0-1"]
[WhiteElo "2189"]
[BlackElo "2275"]
[PlyCount "100"]
[EventDate "2009.01.17"]
[EventType "tourn"]
[EventRounds "11"]
[EventCountry "CZE"]
[EventCategory "1"]
[SourceTitle "CBM 128 Extra"]
[Source "ChessBase"]
[SourceDate "2009.03.05"]
[SourceVersion "2"]
[SourceVersionDate "2009.03.25"]
[SourceQuality "1"]

1. e4 e5 2. Nf3 Nc6 3. Bc4 Nf6 4. d3 Bc5 5. c3 a6 6. 0-0 d6 7. Bb3 h6 8. Re1 Bg4 9. Nbd2 Qe7 10. Nf1 0-0-0 11. Bc2 d5 12. Qe2 d4 13. c4 g5 14. a3 a5 15. Ba4 Nb8 16. Ng3 Nh5 17. h3 Nf4 18. Bxf4 gxf4 19. hxg4 fxg3 20. fxg3 h5 21. Nh4 Qg5 22. Qf3 Qxg4 23. Rf1 Be7 24. Qxf7 Bxh4 25. gxh4 Nd7 26. Qf5 Qe2 27. Rad1 c6 28. b4 Rdf8 29. Qh3 Kc7 30. c5 axb4 31. axb4 Qa2 32. Ra1 Rxf1+ 33. Rxf1 Qxa4 34. Rf7 Qd1+ 35. Kh2 Qg4 36. Qxg4 hxg4 37. Kg3 Rg8 38. h5 Kd8 39. h6 Ke8 40. Rh7 Nf6 41. Rxb7 Nd7 42. Rc7 Ke7 43. Rxc6 Nf6 44. b5 Nh5+ 45. Kh4 Nf4 46. b6 Nxg2+ 47. Kg3 Nf4 48. b7 Kd7 49. h7 Ne2+ 50. Kf2 Rf8+ 0-1

[Event "Bergen Sommer op-A"]
[Site "Bergen"]
[Date "2008.08.07"]
[Round "5"]
[White "Robertsen, Thomas"]
[Black "Lercel, Michal"]
[Result "1-0"]
[WhiteElo "2180"]
[BlackElo "2191"]
[PlyCount "65"]
[EventDate "2008.08.03"]
[EventType "swiss"]
[EventRounds "6"]
[EventCountry "NOR"]
[SourceTitle "EXT 2010"]
[Source "ChessBase"]
[SourceDate "2010.11.25"]
[SourceVersion "1"]
[SourceVersionDate "2010.11.25"]
[SourceQuality "1"]

1. e4 c5 2. Nf3 Nc6 3. Nc3 d6 4. d4 cxd4 5. Nxd4 e6 6. Bc4 Nf6 7. Bb3 Be7 8. Be3 0-0 9. 0-0 Nxd4 10. Bxd4 b5 11. a3 Bb7 12. Qf3 e5 13. Be3 a5 14. Rad1 Rc8 15. Bg5 b4 16. Bxf6 bxc3 17. Bxe5 a4 18. Bd5 Bxd5 19. Rxd5 cxb2 20. Bxb2 Rxc2 21. Bd4 Re8 22. e5 Rc4 23. Qd3 Rc6 24. Rd1 Qa8 25. e6 fxe6 26. Rh5 e5 27. Qxh7+ Kf7 28. Be3 Qc8 29. f4 Qg4 30. Rf1 e4 31. Qxe4 Rc3 32. Rg5 Bf6 33. Qg6+ 1-0

[Event "Bergen Sommer op-A"]
[Site "Bergen"]
[Date "2008.08.03"]
[Round "1"]
[White "Robertsen, Thomas"]
[Black "Lie, Terje"]
[Result "1-0"]
[WhiteElo "2180"]
[BlackElo "1290"]
[PlyCount "45"]
[EventDate "2008.08.03"]
[EventType "swiss"]
[EventRounds "6"]
[EventCountry "NOR"]
[SourceTitle "EXT 2010"]
[Source "ChessBase"]
[SourceDate "2010.11.25"]
[SourceVersion "1"]
[SourceVersionDate "2010.11.25"]
[SourceQuality "1"]

1. e4 c5 2. Nf3 d6 3. d4 cxd4 4. Nxd4 Nc6 5. Nc3 Nf6 6. Bc4 e6 7. Be3 Be7 8. Qe2 a6 9. 0-0-0 Qa5 10. Bb3 Bd7 11. Rhg1 Ne5 12. g4 g6 13. f4 Nexg4 14. Rxg4 Nxg4 15. Qxg4 h5 16. Qf3 Rc8 17. f5 Rxc3 18. bxc3 g5 19. fxe6 Bxe6 20. Nxe6 fxe6 21. Bxe6 Qxc3 22. Qf7+ Kd8 23. Bb6+ 1-0

[Event "Porto Carras op 3rd"]
[Site "Porto Carras"]
[Date "2008.07.17"]
[Round "7"]
[White "Robertsen, Thomas"]
[Black "Klimentov, Roman"]
[Result "1-0"]
[WhiteElo "2259"]
[BlackElo "2271"]
[PlyCount "63"]
[EventDate "2008.07.12"]
[EventType "swiss"]
[EventRounds "9"]
[EventCountry "GRE"]
[SourceTitle "CBM 125 Extra"]
[Source "ChessBase"]
[SourceDate "2008.09.01"]
[SourceVersion "1"]
[SourceVersionDate "2008.09.01"]
[SourceQuality "1"]

1. e4 c5 2. Nf3 g6 3. d4 cxd4 4. Nxd4 Nf6 5. Nc3 d6 6. Be3 Bg7 7. f3 Nc6 8. Qd2 0-0 9. Bc4 Bd7 10. h4 Ne5 11. Bb3 h5 12. 0-0-0 Rc8 13. Bg5 Rc5 14. Kb1 Re8 15. g4 hxg4 16. f4 Nc4 17. Qe2 b5 18. f5 a5 19. fxg6 a4 20. gxf7+ Kxf7 21. Nxa4 bxa4 22. Bxc4+ Kf8 23. Ne6+ Bxe6 24. Bxe6 Qb6 25. Rhf1 Rb8 26. b3 Ke8 27. Bxf6 Bxf6 28. Rxf6 exf6 29. Qxg4 Ke7 30. Bd5 Rf8 31. Qe6+ Kd8 32. Ba8 1-0

[Event "Porto Carras op 3rd"]
[Site "Porto Carras"]
[Date "2008.07.16"]
[Round "6"]
[White "Zubarev, Alexander2"]
[Black "Robertsen, Thomas"]
[Result "1-0"]
[WhiteElo "2517"]
[BlackElo "2259"]
[PlyCount "45"]
[EventDate "2008.07.12"]
[EventType "swiss"]
[EventRounds "9"]
[EventCountry "GRE"]
[SourceTitle "CBM 125 Extra"]
[Source "ChessBase"]
[SourceDate "2008.09.01"]
[SourceVersion "1"]
[SourceVersionDate "2008.09.01"]
[SourceQuality "1"]

1. d4 Nf6 2. c4 c5 3. d5 e6 4. Nc3 exd5 5. cxd5 d6 6. Nf3 g6 7. Qa4+ Bd7 8. Qb3 b5 9. Nxb5 Bxb5 10. Qxb5+ Nbd7 11. g3 Bg7 12. Bg2 0-0 13. 0-0 Re8 14. Nd2 Rb8 15. Qa6 Ne5 16. b3 Rb6 17. Qxa7 Neg4 18. Nc4 Rb4 19. Bd2 Rxc4 20. bxc4 Rxe2 21. Rab1 Ne8 22. Bf3 Rxd2 23. Rb8 1-0

[Event "Porto Carras op 3rd"]
[Site "Porto Carras"]
[Date "2008.07.14"]
[Round "4"]
[White "Pountzas, Hrisanthos"]
[Black "Robertsen, Thomas"]
[Result "0-1"]
[WhiteElo "2202"]
[BlackElo "2259"]
[PlyCount "64"]
[EventDate "2008.07.12"]
[EventType "swiss"]
[EventRounds "9"]
[EventCountry "GRE"]
[SourceTitle "CBM 125 Extra"]
[Source "ChessBase"]
[SourceDate "2008.09.01"]
[SourceVersion "1"]
[SourceVersionDate "2008.09.01"]
[SourceQuality "1"]

1. Nf3 c5 2. c4 Nc6 3. Nc3 e5 4. e3 d6 5. d4 cxd4 6. exd4 Bg4 7. Be2 Nf6 8. Be3 Be7 9. h3 Bh5 10. 0-0 0-0 11. Qd2 Bg6 12. Rfd1 Ne4 13. Nxe4 Bxe4 14. d5 Nb8 15. c5 Nd7 16. Qb4 Nxc5 17. Bxc5 Bxf3 18. Bxf3 dxc5 19. Qxb7 Bd6 20. Qa6 f5 21. g3 e4 22. Bg2 Qf6 23. Qe2 Rae8 24. Rac1 f4 25. Bxe4 fxg3 26. f3 g2 27. Rc2 Qf4 28. Qxg2 Re5 29. Kh1 Rg5 30. Qf1 Rf6 31. Rg2 Rh6 32. Kg1 Rxh3 0-1

[Event "Falconara Marittima op 4th"]
[Site "Falconara Marittima"]
[Date "2007.07.18"]
[Round "4"]
[White "Robertsen, Thomas"]
[Black "Rago, Riccardo"]
[Result "1-0"]
[WhiteElo "2240"]
[BlackElo "2062"]
[PlyCount "55"]
[EventDate "2007.07.16"]
[EventType "swiss"]
[EventRounds "6"]
[EventCountry "ITA"]
[SourceTitle "EXT 2008"]
[Source "ChessBase"]
[SourceDate "2007.11.25"]
[SourceVersion "1"]
[SourceVersionDate "2007.11.25"]
[SourceQuality "1"]

1. e4 c5 2. Nf3 Nc6 3. Nc3 e5 4. Bc4 d6 5. d3 Be7 6. Nd2 Nf6 7. Nf1 0-0 8. Ne3 a6 9. a4 Nd4 10. Ned5 Nxd5 11. Nxd5 Bg5 12. c3 Ne6 13. Qh5 Bxc1 14. Rxc1 Bd7 15. Bb3 b5 16. axb5 axb5 17. 0-0 Bc6 18. g3 Bxd5 19. Bxd5 Ra7 20. f4 exf4 21. gxf4 Nc7 22. Bb3 Qf6 23. Kh1 Kh8 24. Rcd1 g6 25. Qh3 Kg7 26. f5 g5 27. d4 c4 28. Bc2 1-0

[Event "NOR-chT lag"]
[Site "Tromsoe"]
[Date "2007.03.09"]
[Round "1"]
[White "Hermansson, Emil"]
[Black "Robertsen, Thomas"]
[Result "1/2-1/2"]
[WhiteElo "2466"]
[BlackElo "2172"]
[PlyCount "44"]
[EventDate "2007.03.09"]
[EventType "team-swiss"]
[EventRounds "5"]
[EventCountry "NOR"]
[SourceTitle "EXT 2010"]
[Source "ChessBase"]
[SourceDate "2010.11.25"]
[SourceVersion "1"]
[SourceVersionDate "2010.11.25"]
[SourceQuality "1"]

1. e4 e5 2. Nf3 Nc6 3. Bb5 f5 4. Nc3 fxe4 5. Nxe4 d5 6. Nxe5 dxe4 7. Nxc6 Qd5 8. c4 Qd6 9. Qh5+ g6 10. Qe5+ Qxe5 11. Nxe5+ c6 12. Ba4 Bg7 13. d4 exd3 14. Bf4 Bf5 15. 0-0-0 0-0-0 16. Bb3 Rd4 17. Bg3 Nf6 18. Nf3 Rd7 19. Nd2 Ne4 20. Rde1 Nxd2 21. Kxd2 Bxb2 22. Be5 Bxe5 1/2-1/2

[Event "NOR-chT2"]
[Site "Oslo"]
[Date "2006.06.09"]
[Round "3"]
[White "Robertsen, Thomas"]
[Black "Persson, Mats Ove"]
[Result "1/2-1/2"]
[WhiteElo "2211"]
[BlackElo "2025"]
[PlyCount "67"]
[EventDate "2006.06.07"]
[EventType "team-tourn"]
[EventRounds "5"]
[EventCountry "NOR"]
[SourceTitle "CBM 112 Extra"]
[Source "ChessBase"]
[SourceDate "2006.07.14"]
[SourceVersion "1"]
[SourceVersionDate "2006.07.14"]
[SourceQuality "1"]

1. e4 c5 2. Nf3 e6 3. d4 cxd4 4. Nxd4 a6 5. Bd3 Nc6 6. Nxc6 dxc6 7. 0-0 e5 8. f4 Nf6 9. Qe1 Bc5+ 10. Be3 Qb6 11. Bxc5 Qxc5+ 12. Kh1 exf4 13. Nd2 Be6 14. Rxf4 Ng4 15. Qe2 h5 16. Raf1 g5 17. R4f3 Qe5 18. Rh3 Qxb2 19. Nc4 Qd4 20. e5 Kf8 21. Nd6 Qxe5 22. Qxe5 Nxe5 23. Re3 Ke7 24. Nxb7 f6 25. Nc5 Bxa2 26. Ne4 Nxd3 27. cxd3 a5 28. Nc3+ Be6 29. Rfe1 Kf7 30. Rxe6 Rae8 31. Rxe8 Rxe8 32. Ne4 Kg6 33. Rf1 Re6 34. Kg1 1/2-1/2

[Event "NOR-chT2"]
[Site "Oslo"]
[Date "2006.06.07"]
[Round "1"]
[White "Byklum, Bjornar"]
[Black "Robertsen, Thomas"]
[Result "0-1"]
[WhiteElo "2300"]
[BlackElo "2211"]
[PlyCount "56"]
[EventDate "2006.06.07"]
[EventType "team-tourn"]
[EventRounds "5"]
[EventCountry "NOR"]
[SourceTitle "CBM 112 Extra"]
[Source "ChessBase"]
[SourceDate "2006.07.14"]
[SourceVersion "1"]
[SourceVersionDate "2006.07.14"]
[SourceQuality "1"]

1. e4 e5 2. Nf3 Nc6 3. Nc3 Nf6 4. g3 Nxe4 5. Nxe4 d5 6. Nc3 d4 7. Bg2 dxc3 8. bxc3 Bd6 9. 0-0 0-0 10. Rb1 Bg4 11. h3 Bh5 12. g4 Bg6 13. Rxb7 e4 14. Nd4 Nxd4 15. cxd4 Qf6 16. d3 exd3 17. c3 Rae8 18. Be3 Qh4 19. Qd2 h6 20. c4 Be4 21. d5 f5 22. c5 Bxg2 23. Kxg2 fxg4 24. Rh1 gxh3+ 25. Kf1 Bf4 26. Bxf4 Re2 27. Rh2 Rxd2 28. Bxd2 Qg3 0-1

[Event "NOR-chT"]
[Site "Moss"]
[Date "2005.05.04"]
[Round "1"]
[White "Robertsen, Thomas"]
[Black "Gabrielsen, Stig"]
[Result "1/2-1/2"]
[WhiteElo "2086"]
[BlackElo "2225"]
[PlyCount "88"]
[EventDate "2005.05.04"]
[EventType "team-tourn"]
[EventRounds "5"]
[EventCountry "NOR"]
[SourceTitle "EXT 2007"]
[Source "ChessBase"]
[SourceDate "2006.11.23"]
[SourceVersion "1"]
[SourceVersionDate "2006.11.23"]
[SourceQuality "1"]

1. e4 c5 2. Nf3 e6 3. d4 cxd4 4. Nxd4 Nf6 5. Nc3 d6 6. g4 h6 7. h4 Nc6 8. g5 hxg5 9. Bxg5 Qb6 10. Nb3 a6 11. Qd2 Bd7 12. 0-0-0 Ne5 13. f4 Nf3 14. Qg2 Nxg5 15. fxg5 Nh5 16. g6 f6 17. Qf3 Be7 18. Bh3 f5 19. Nd4 Bf6 20. exf5 Bxd4 21. fxe6 0-0-0 22. exd7+ Kb8 23. Na4 Qb4 24. c3 Qxa4 25. Rxd4 Qxa2 26. Rb4 d5 27. Rd1 a5 28. Rbd4 a4 29. Rxd5 a3 30. Rb5 axb2+ 31. Rxb2 Qa1+ 32. Kc2 Qa6 33. Ra1 Rhf8 34. Bf5 Rxf5 35. Qxf5 Qxa1 36. Qe5+ Ka8 37. Qd5 Qa4+ 38. Kb1 Qxd7 39. Ra2+ Kb8 40. Qe5+ Qd6 41. Qxh5 Qd3+ 42. Kb2 Qe2+ 43. Kb3 Qd3 44. Ra4 Qd5+ 1/2-1/2

[Event "Politiken Cup 24th"]
[Site "Copenhagen"]
[Date "2002.07.25"]
[Round "10"]
[White "Glud, Jakob Vang"]
[Black "Robertsen, Thomas"]
[Result "1-0"]
[WhiteElo "2180"]
[BlackElo "2022"]
[PlyCount "91"]
[EventDate "2002.07.15"]
[EventType "swiss"]
[EventRounds "11"]
[EventCountry "DEN"]
[SourceTitle "CBM 089 Extra"]
[Source "ChessBase"]
[SourceDate "2002.09.10"]
[SourceVersion "2"]
[SourceVersionDate "2002.09.10"]
[SourceQuality "1"]

1. e4 e5 2. Nf3 Nc6 3. Bc4 Nf6 4. d4 exd4 5. 0-0 Nxe4 6. Re1 d5 7. Bxd5 Qxd5 8. Nc3 Qa5 9. Nxe4 Be6 10. Neg5 0-0-0 11. Nxe6 fxe6 12. Rxe6 Bd6 13. Bg5 Rde8 14. Qe1 Qxe1+ 15. Raxe1 Kd7 16. Rxe8 Rxe8 17. Rxe8 Kxe8 18. Bd2 Kd7 19. Kf1 Ke6 20. Ng5+ Kf5 21. Nxh7 Bb4 22. c3 Be7 23. f4 d3 24. b3 b5 25. g3 a5 26. h4 b4 27. Ng5 Bf6 28. cxb4 axb4 29. Kf2 Bd4+ 30. Kf3 Kg6 31. g4 Kf6 32. Ke4 Bc3 33. Bxc3+ bxc3 34. Kxd3 Nb4+ 35. Kxc3 Nxa2+ 36. Kd4 Nc1 37. b4 Ne2+ 38. Ke3 Nc1 39. h5 Na2 40. b5 Nb4 41. Kd4 Ke7 42. Ne4 Nc2+ 43. Kc5 Kd7 44. Nf6+ Ke7 45. Nd5+ Kd7 46. g5 1-0

[Event "Politiken Cup 24th"]
[Site "Copenhagen"]
[Date "2002.07.24"]
[Round "9"]
[White "Robertsen, Thomas"]
[Black "Lonborg, Morten"]
[Result "1-0"]
[WhiteElo "2022"]
[BlackElo "2152"]
[PlyCount "97"]
[EventDate "2002.07.15"]
[EventType "swiss"]
[EventRounds "11"]
[EventCountry "DEN"]
[SourceTitle "CBM 089 Extra"]
[Source "ChessBase"]
[SourceDate "2002.09.10"]
[SourceVersion "2"]
[SourceVersionDate "2002.09.10"]
[SourceQuality "1"]

1. e4 c5 2. Nf3 e6 3. d4 cxd4 4. Nxd4 Nf6 5. Nc3 d6 6. g4 h6 7. h4 Nc6 8. g5 hxg5 9. Bxg5 Qb6 10. Nb3 a6 11. Qd2 Bd7 12. 0-0-0 Qc7 13. Bg2 Ne5 14. f4 Nc4 15. Qd4 0-0-0 16. h5 e5 17. Qd3 exf4 18. Bxf6 gxf6 19. Nd5 Ne5 20. Qd4 Qc6 21. Qa7 Be6 22. Na5 Bxd5 23. Nxc6 Bxc6 24. Rh3 Bh6 25. Kb1 Rhg8 26. Bf1 Bxe4 27. Rc3+ Bc6 28. Qb6 Kd7 29. Bxa6 bxa6 30. Rxc6 Nxc6 31. Qb7+ Ke6 32. Qxc6 Rg5 33. Qc4+ Ke7 34. Qxf4 Rxh5 35. Qe4+ Re5 36. Qb7+ Rd7 37. Qxa6 f5 38. b4 Be3 39. b5 Re6 40. Qa8 Re4 41. c3 Bc5 42. Rh1 Ra7 43. Qc8 Re2 44. Rh8 Re1+ 45. Kb2 Re2+ 46. Kb3 Ra3+ 47. Kc4 d5+ 48. Kxd5 Rd2+ 49. Kc4 1-0

[Event "Politiken Cup 24th"]
[Site "Copenhagen"]
[Date "2002.07.23"]
[Round "8"]
[White "Akesson, Joel"]
[Black "Robertsen, Thomas"]
[Result "1-0"]
[WhiteElo "2234"]
[BlackElo "2022"]
[PlyCount "147"]
[EventDate "2002.07.15"]
[EventType "swiss"]
[EventRounds "11"]
[EventCountry "DEN"]
[SourceTitle "CBM 089 Extra"]
[Source "ChessBase"]
[SourceDate "2002.09.10"]
[SourceVersion "2"]
[SourceVersionDate "2002.09.10"]
[SourceQuality "1"]

1. d4 Nf6 2. c4 g6 3. g3 Bg7 4. Bg2 0-0 5. Nc3 d6 6. Nf3 Nbd7 7. 0-0 e5 8. e4 exd4 9. Nxd4 Re8 10. h3 Nc5 11. Re1 Bd7 12. Bf4 a5 13. Qd2 a4 14. Rad1 Ne6 15. Be3 Qc8 16. Ndb5 Nf8 17. f3 a3 18. Nxa3 Bxh3 19. Nab5 Bd7 20. b3 Bc6 21. a4 Ne6 22. Qf2 Bxb5 23. Nxb5 g5 24. Nd4 Nxd4 25. Bxd4 Nh5 26. Be3 h6 27. Kh2 Nf6 28. Bd4 Qe6 29. Bh3 Qe7 30. Bf5 Nh5 31. Be3 Kh8 32. Rh1 Be5 33. Rdg1 Rg8 34. Bd4 Kg7 35. Kg2 Nf6 36. Be3 Rh8 37. Qd2 Nd7 38. Bxd7 Qxd7 39. f4 gxf4 40. gxf4 Bf6 41. e5 Be7 42. f5 Kf8 43. f6 Bd8 44. Rxh6 Rxh6 45. Bxh6+ Ke8 46. Kh2 Qf5 47. Bf4 Qh5+ 48. Kg2 Kd7 49. exd6 c6 50. Qd1 Qf5 51. Rf1 Bb6 52. Bg3 Qe4+ 53. Rf3 Rg8 54. Qd3 Qe1 55. c5 Ba5 56. Qe3 Qxe3 57. Rxe3 Bd8 58. Kf3 Bxf6 59. Be5 Bd8 60. Bd4 Rg6 61. Ke4 Rg4+ 62. Kd3 b6 63. cxb6 Rxd4+ 64. Kxd4 Bxb6+ 65. Kd3 Bxe3 66. Kxe3 Kxd6 67. b4 Kc7 68. a5 Kb7 69. Kd4 Kc7 70. Ke5 Kb7 71. Kf6 Ka6 72. Kxf7 Kb5 73. Ke6 c5 74. a6 1-0

[Event "Politiken Cup 24th"]
[Site "Copenhagen"]
[Date "2002.07.20"]
[Round "6"]
[White "Schmied, Andreas"]
[Black "Robertsen, Thomas"]
[Result "0-1"]
[WhiteElo "2134"]
[BlackElo "2022"]
[PlyCount "51"]
[EventDate "2002.07.15"]
[EventType "swiss"]
[EventRounds "11"]
[EventCountry "DEN"]
[SourceTitle "CBM 089 Extra"]
[Source "ChessBase"]
[SourceDate "2002.09.10"]
[SourceVersion "2"]
[SourceVersionDate "2002.09.10"]
[SourceQuality "1"]

1. Nf3 Nf6 2. c4 g6 3. Nc3 Bg7 4. e4 d6 5. d4 0-0 6. g3 Nbd7 7. Bg2 e5 8. 0-0 exd4 9. Nxd4 Re8 10. h3 Nc5 11. Re1 Bd7 12. b4 Ne6 13. Be3 a5 14. b5 Nc5 15. Qc2 Qc8 16. Kh2 Re5 17. Nd5 Nxd5 18. exd5 Bxh3 19. Bxh3 Rh5 20. Nf5 gxf5 21. Bf4 Bxa1 22. Rxa1 Qe8 23. Qd1 f6 24. Qf3 Qg6 25. Rg1 Qg4 26. Qg2 0-1

[Event "NOR-ch class M"]
[Site "Tromsoe"]
[Date "2002.05.20"]
[Round "5"]
[White "Robertsen, Thomas"]
[Black "Tollefsen, Vegard"]
[Result "1-0"]
[WhiteElo "2022"]
[BlackElo "1699"]
[PlyCount "53"]
[EventDate "2002.05.??"]
[EventType "swiss"]
[EventRounds "6"]
[EventCountry "NOR"]
[SourceTitle "EXT 2005"]
[Source "ChessBase"]
[SourceDate "2004.11.15"]
[SourceVersion "1"]
[SourceVersionDate "2004.11.15"]
[SourceQuality "1"]

1. e4 e5 2. Nf3 Nf6 3. Nxe5 d6 4. Nf3 Nxe4 5. d4 d5 6. Bd3 Nc6 7. 0-0 Be7 8. c4 Bf5 9. Re1 Nb4 10. Bf1 0-0 11. a3 Nc6 12. Bd3 Re8 13. Nc3 Nxc3 14. bxc3 Bg4 15. Rb1 Rb8 16. cxd5 Qxd5 17. Be4 Qd6 18. Qd3 g6 19. h3 Bd7 20. d5 Ne5 21. Nxe5 Qxe5 22. Bd2 Bd6 23. g3 f5 24. Bg2 Qf6 25. c4 b6 26. Bc3 Be5 27. Rxe5 1-0